Women's studies international quarterly.

Bibliographic Details
New Title:Women's studies international forum
Previous Title:Women's studies (Oxford)
Format: Journal
Language:English
Published: Oxford ; New York : Pergamon, [1979-1981]
Subjects:
Online Availability: Check for online availability

MARC

Tag First Indicator Second Indicator Subfields
LEADER 00000cas a2200000 a 4500
001 in00000086560
005 20151008064552.0
008 780313d19791981enkqr1p 0uuua0engmd
010 |a  81642172   |z sc 80000547   |z sn 79005686  
012 |a 3  |b 3 
019 |a 6585696 
022 0 |a 0148-0685 
035 |a (OCoLC)03712026 
035 |9 AAK4420AM 
037 |b Pergamon Press, Inc., Maxwell House, Fairview Park, Elmsford, NY 10523 
040 |a NSD  |c NSD  |d IUL  |d YUS  |d MUL  |d DLC  |d NSD  |d NST  |d OCL  |d DLC  |d NSD  |d DLC  |d NST  |d TXA  |d UtOrBLW 
042 |a lcd  |a nsdp 
049 |a TXAE 
050 0 0 |a HQ1101  |b .W775 
082 0 |a 305.4/05 
090 |a HQ1101  |b .W6553 
210 0 |a Women's stud. int. q. 
222 0 |a Women's studies international quarterly 
245 0 0 |a Women's studies international quarterly. 
264 1 |a Oxford ;  |a New York :  |b Pergamon,  |c [1979-1981] 
264 4 |c [©1979-1981] 
300 |a 2 volumes :  |b illustrations ;  |c 26 cm. 
310 |a Quarterly 
336 |a text  |b txt  |2 rdacontent 
337 |a unmediated  |b n  |2 rdamedia 
338 |a volume  |b nc  |2 rdacarrier 
362 0 |a Vol. 2, no. 2 (1979)-v. 4, no. 4 (1981). 
500 |a Title from cover. 
530 |a Current subscriptions are available on microfiche simultaneously with the paper edition and on microfilm at the end of the subscription year. 
650 0 |a Women's studies  |v Periodicals. 
650 0 |a Women  |v Periodicals. 
650 0 |a Feminism  |v Periodicals. 
780 0 0 |t Women's studies (Oxford)  |x 0148-0685  |w (DLC) 81642172 
785 0 0 |t Women's studies international forum  |x 0277-5385  |w (DLC) 82643383  |g v. 5, no. 1 
999 |a MARS 
999 f f |s 3bf2206d-e007-3588-93ec-d019c3ea620b  |i 4a246257-5c57-3939-a8b6-79eeb93fa22b  |t 0 
952 f f |p ric  |a Texas A&M University  |b Rellis Campus  |c Joint Library Facility  |d Remote Storage  |t 0  |e HQ1101 .W6553  |h Library of Congress classification  |i unmediated -- volume  |k v.4:no.2-4  |l 1981  |m A14811531388 
952 f f |p ric  |a Texas A&M University  |b Rellis Campus  |c Joint Library Facility  |d Remote Storage  |t 0  |e HQ1101 .W6553  |h Library of Congress classification  |i unmediated -- volume  |k v.4 1981  |m A14811201894 
952 f f |p ric  |a Texas A&M University  |b Rellis Campus  |c Joint Library Facility  |d Remote Storage  |t 0  |e HQ1101 .W6553  |h Library of Congress classification  |i unmediated -- volume  |k v.3:no.2/3  |l 1980  |m A14819093677 
998 f f |a HQ1101 .W6553  |s v.4 (1981)  |t 0  |l Remote Storage